LEADER 02308nam 2200493 450 001 9910132251503321 005 20230621140032.0 010 $a9788579820243 (ebook) 035 $a(CKB)3710000000347416 035 $a(SSID)ssj0001669432 035 $a(PQKBManifestationID)16459987 035 $a(PQKBTitleCode)TC0001669432 035 $a(PQKBWorkID)15004813 035 $a(PQKB)10557371 035 $a(WaSeSS)IndRDA00056872 035 $a(oapen)https://directory.doabooks.org/handle/20.500.12854/44462 035 $a(EXLCZ)993710000000347416 100 $a20160829d2009 uy | 101 0 $apor 135 $aur||||||||||| 181 $ctxt 182 $cc 183 $acr 200 10$aCUT$b[electronic resource] $eos militantes e a ideologia /$fLeôncio Martins Rodrigues 210 $cSciELO Books - Centro Edelstein$d2009 210 31$aRio de Janeiro :$cCentro Edelstein,$d2009 215 $a1 online resource (71 pages) 300 $aBibliographic Level Mode of Issuance: Monograph 320 $aIncludes bibliographical references. 330 $aEste trabalho tem como objetivo, precisamente, o estudo do III CONCUT. Interessou-nos traçar um perfil dos delegados e efetuar uma análise das teses apresentadas, o que significa dizer analisar as tendências políticas presentes no III CONCUT. Porém, considerando que dificilmente a luta de facções, as resoluções e as modificações nos estatutos aprovadas no III CONCUT poderiam ser entendidas sem referência ao passado, fomos levados a efetuar uma rápida avaliação dos congressos anteriores da CUT. Desse modo, este estudo assumiu, um pouco forçadamente, o caráter de uma história da CUT. Queremos advertir, no entanto, que se trata de uma reconstituição histórica superficial.[...][trecho retirado da Apresentação do livro] 517 1 $aCUT 606 $aPolitical Science Theory$2HILCC 606 $aPolitical Science$2HILCC 606 $aLaw, Politics & Government$2HILCC 610 $aPOLITICAL SCIENCE 615 7$aPolitical Science Theory 615 7$aPolitical Science 615 7$aLaw, Politics & Government 700 $aRodrigues$b Leôncio Martins$0803135 801 0$bPQKB 801 2$bUkMaJRU 912 $a9910132251503321 996 $aCUT$92001530 997 $aUNINA LEADER 04292 am 2200889 n 450 001 9910330712003321 005 20190612 010 $a2-7535-6946-0 024 7 $a10.4000/books.pur.133836 035 $a(CKB)4100000008710866 035 $a(FrMaCLE)OB-pur-133836 035 $a(oapen)https://directory.doabooks.org/handle/20.500.12854/55712 035 $a(PPN)267961995 035 $a(EXLCZ)994100000008710866 100 $a20190710j|||||||| ||| 0 101 0 $afre 135 $auu||||||m|||| 181 $ctxt$2rdacontent 182 $cc$2rdamedia 183 $acr$2rdacarrier 200 13$aLe Parti socialiste unifié $eHistoire et postérité /$fNoëlline Castagnez, Laurent Jalabert, Jean-François Sirinelli, Marc Lazar, Gilles Morin 210 $aRennes $cPresses universitaires de Rennes$d2019 215 $a1 online resource (336 p.) 311 $a2-7535-2739-3 330 $aPlus de cinquante ans après sa naissance, en 1960, et vingt-quatre ans après son décès officiel, en 1989, le Parti socialiste unifié nourrit encore la curiosité des historiens. Ce petit parti a laissé l?image d?un « laboratoire d?idées », doté d?une grande influence dans les années 1960 et 1970, et d?une longue postérité jusqu?à nos jours. Pour aller au-delà, ce livre retrace la trajectoire météorique du PSU, de son combat contre la guerre d?Algérie, à son déclin, amorcé, dès 1974, avec le ralliement de Michel Rocard au Parti socialiste, en passant par les barricades de Mai 1968. Ce faisant, il éclaire le rapport du PSU avec les institutions de la Ve République, qui l?ont en quelque sorte étouffé ; montre que son organisation, toujours proche de la balkanisation, a cependant permis, par son ouverture, la socialisation politique de plusieurs générations ; dévoile les multiples facettes de sa culture politique, anticapitaliste, anticolonialiste, anti-impérialiste et antimilitariste ; et, enfin, révèle son épaisseur sociétale. Complexe, l?histoire du PSU est incontournable pour qui veut comprendre l?histoire politique française du second XXe siècle. 517 $aParti socialiste unifié 606 $aSocialism$zFrance$y20th century$vCongresses 606 $aPolitics and government$2fast$3(OCoLC)fst01919741 606 $aSocialism$2fast$3(OCoLC)fst01123637 607 $aFrance$xPolitics and government$y1958-$vCongresses 607 $aFrance$2fast 608 $aConference papers and proceedings.$2fast 610 $aParti socialiste unifié 610 $agauche 610 $aparti politique 610 $asocialiste 610 $aPSU (Parti socialiste unifié) 615 0$aSocialism 615 7$aPolitics and government 615 7$aSocialism. 700 $aBantigny$b Ludivine$01283658 701 $aBelouet$b Éric$01283659 701 $aBergounioux$b Alain$0153961 701 $aButon$b Philippe$01283660 701 $aCastagnez$b Noëlline$01283657 701 $aCavalin$b Tangi$01283661 701 $aColozza$b Roberto$01024415 701 $aConord$b Fabien$01283662 701 $aDrouet$b Yannick$01283663 701 $aFerhat$b Ismail$01283599 701 $aFulla$b Mathieu$01283664 701 $aGeorgi$b Frank$01283665 701 $aGuillaume$b Sylvie$01232977 701 $aHatzfeld$b Hélène$01283666 701 $aJalabert$b Laurent$01281612 701 $aKernalegenn$b Tudi$01283667 701 $aLazar$b Marc$0514548 701 $aMorin$b Gilles$01283668 701 $aPavard$b Bibia$01283669 701 $aPorhel$b Vincent$01234645 701 $aPrévot$b Maryvonne$0326938 701 $aPrigent$b François$01283670 701 $aSimon$b Pierre$0411188 701 $aSirinelli$b Jean-François$0171150 701 $aVigna$b Xavier$01218809 701 $aCastagnez$b Noëlline$01283657 701 $aJalabert$b Laurent$01281612 701 $aSirinelli$b Jean-François$0171150 701 $aLazar$b Marc$0514548 701 $aMorin$b Gilles$01283668 712 02$aCentre d'histoire de Sciences po (France) 712 02$aInstitut universitaire de France. 801 0$bFR-FrMaCLE 906 $aBOOK 912 $a9910330712003321 996 $aLe Parti socialiste unifié$93019173 997 $aUNINA LEADER 02417nam 22006494a 450 001 9910969547903321 005 20251117003952.0 010 $a0-8018-9188-4 010 $a1-4356-9190-3 035 $a(CKB)1000000000720499 035 $a(EBL)3318339 035 $a(OCoLC)923192610 035 $a(SSID)ssj0000156054 035 $a(PQKBManifestationID)11162041 035 $a(PQKBTitleCode)TC0000156054 035 $a(PQKBWorkID)10123736 035 $a(PQKB)10141072 035 $a(MiAaPQ)EBC3318339 035 $a(OCoLC)646769548 035 $a(MdBmJHUP)muse2604 035 $a(Au-PeEL)EBL3318339 035 $a(CaPaEBR)ebr10256339 035 $a(MiAaPQ)EBC30378484 035 $a(Au-PeEL)EBL30378484 035 $a(EXLCZ)991000000000720499 100 $a20060207d2007 uy 0 101 0 $aeng 135 $aur|n|---||||| 181 $ctxt 182 $cc 183 $acr 200 10$aFloods of the Tiber in ancient Rome /$fGregory S. Aldrete 205 $a1st ed. 210 $aBaltimore $cJohns Hopkins University Press$d2007 215 $a1 online resource (362 p.) 225 1 $aAncient society and history 300 $aDescription based upon print version of record. 311 08$a0-8018-8405-5 320 $aIncludes bibliographical references (p. 303-323) and index. 327 $aFloods in ancient Rome : sources and topography -- Characteristics of floods -- Immediate effects of floods -- Delayed effects of floods -- Methods of flood control -- Roman attitudes towards floods -- Conclusion : the Romans' failure to make Rome safe from floods. 330 $aHe discusses the strategies the Romans employed to alleviate or prevent flooding, their social and religious attitudes toward floods, and how the threat of inundation influenced the development of the city's physical and economic landscapes. 410 0$aAncient society and history. 606 $aFloods$zItaly$zRome$xHistory 606 $aFloods$zItaly$zTiber River$xHistory 607 $aRome (Italy)$xHistory$yTo 476 607 $aTiber River (Italy)$xHistory 615 0$aFloods$xHistory. 615 0$aFloods$xHistory. 676 $a937/.6 700 $aAldrete$b Gregory S$0298241 801 0$bMiAaPQ 801 1$bMiAaPQ 801 2$bMiAaPQ 906 $aBOOK 912 $a9910969547903321 996 $aFloods of the Tiber in ancient Rome$94524908 997 $aUNINA LEADER 01116nam 22003253 450 001 9910145909703321 005 20000711000000.0 010 $a88-222-5179-2 035 $a(CKB)1000000000279023 035 $a(ItFiC)it 02251999 035 $a(EXLCZ)991000000000279023 100 $a20060828d2003 uy 0 101 0 $aita 200 10$aCarteggi con Botti ... Bustanzo /$fLudovico Antonio Muratori ; a cura di Fabio Marri ; con la collaborazione di Daniela Gianaroli, Franca Strocchi 210 $aFirenze $cL.S. Olschki$d2003 215 $a594 p 225 0 $aEdizione nazionale del carteggio di L. A. Muratori / Centro di studi muratoriani, Modena ;$v10.2 300 $aLetters publ. for the first time, some of which in Latin. 320 $aIncludes bibliographical references. 517 $aCarteggi con Botti ... Bustanzo 676 $a945 676 $a920 676 $a856 700 $aMuratori$b Lodovico Antonio$f1672-1750.$0152475 801 0$bItFiC 801 1$bItFiC 906 $aBOOK 912 $a9910145909703321 996 $aCarteggi con Botti ... Bustanzo$9668013 997 $aUNINA